[Event "SG Kirchlengern 1 - SG Bünde 1"]
[Site "NRW-Klasse - Gruppe 1 2019/20"]
[Date "2020.02.02"]
[Round "6.3"]
[White "Altenbernd, Jannis-Domenik"]
[Black "Krueger, Tim"]
[Result "1/2-1/2"]
[WhiteElo "1957"]
[BlackElo "2039"]
[Annotator "Doe,John"]
[PlyCount "25"]
[EventDate "2020.??.??"]
[SourceVersionDate "2020.03.16"]
[WhiteTeam "SG Bünde 1"]
[BlackTeam "SG Kirchlengern 1"]

{0-0} 1. d4 Nf6 2. c4 e6 3. Nc3 d5 4. cxd5 exd5 5. Bg5 c6 6. e3 Be7 7. Bd3 O-O
8. Nge2 Re8 9. Bh4 Nbd7 10. f3 Nf8 11. Bf2 c5 12. O-O Ng6 13. Rc1 {(=)} 1/2-1/2

[Event "SG Kirchlengern 1 - SG Bünde 1"]
[Site "NRW-Klasse - Gruppe 1 2019/20"]
[Date "2020.02.02"]
[Round "6.4"]
[White "Ott, Mathias"]
[Black "Brunke, Christian"]
[Result "1-0"]
[WhiteElo "1957"]
[BlackElo "2082"]
[Annotator "Doe,John"]
[PlyCount "89"]
[EventDate "2020.??.??"]
[SourceVersionDate "2020.03.16"]
[WhiteTeam "SG Kirchlengern 1"]
[BlackTeam "SG Bünde 1"]

{0-0} 1. d4 f5 2. Nf3 Nf6 3. g3 g6 4. Bg2 Bg7 5. b3 d6 6. Bb2 O-O 7. O-O c6 8.
Nbd2 Na6 9. c4 Nc7 10. Qc2 Bd7 11. Rfe1 a5 12. a3 Ne6 13. b4 axb4 14. axb4 Rxa1
15. Rxa1 f4 16. Qb3 fxg3 17. hxg3 Ng4 18. Ne4 Kh8 19. Rc1 Qe8 20. d5 Nd8 21. c5
cxd5 22. Bxg7+ Kxg7 23. Qxd5 Bc6 24. Qd4+ e5 25. Qd3 d5 26. Nd6 Qe6 27. b5 Be8
28. Bh3 h5 29. Bxg4 hxg4 30. Nh4 Nf7 31. Nxe8+ Rxe8 32. c6 Ng5 33. cxb7 Qf7 34.
Qxg6+ Qxg6 35. Nxg6 Rb8 36. Nxe5 Rxb7 37. Rc5 d4 38. Nxg4 Ne6 39. Rc6 Kf7 40.
b6 Ke7 41. Ne5 Rb8 42. f4 Rg8 43. Kf2 Ra8 44. f5 Nd8 45. f6+ 1-0

[Event "SG Kirchlengern 1 - SG Bünde 1"]
[Site "NRW-Klasse - Gruppe 1 2019/20"]
[Date "2020.02.02"]
[Round "6.5"]
[White "Moradi Kahlou, Benjamin"]
[Black "Dilger, Tim"]
[Result "1/2-1/2"]
[WhiteElo "1932"]
[BlackElo "1848"]
[Annotator "Doe,John"]
[PlyCount "95"]
[EventDate "2020.??.??"]
[SourceVersionDate "2020.03.16"]
[WhiteTeam "SG Bünde 1"]
[BlackTeam "SG Kirchlengern 1"]

{0-0} 1. e4 e5 2. Nf3 Nc6 3. Nc3 Nf6 4. d4 exd4 5. Nxd4 d6 6. Bb5 Bd7 7. f3 h6
8. Be3 a6 9. Nxc6 bxc6 10. Bc4 Be6 11. Qd3 Qc8 12. O-O-O Be7 13. g4 Nd7 14.
Bxe6 fxe6 15. f4 Qb7 16. e5 Nf8 17. exd6 cxd6 18. Rhe1 O-O-O 19. Ne4 Nh7 20.
Qc3 Nf6 21. Nxf6 gxf6 22. Rd4 d5 23. Ra4 Qb5 24. Ra5 Bb4 25. Rxb5 Bxc3 26. bxc3
axb5 27. Bd4 e5 28. fxe5 fxe5 29. Rxe5 Rhe8 30. Rh5 Re6 31. h4 Rg8 32. g5 hxg5
33. hxg5 Kd7 34. Bf6 Kd6 35. Rh7 Kc5 36. Kb2 Re4 37. Rd7 Re6 38. Kb3 Rxf6 39.
gxf6 Rg4 40. a3 Rf4 41. f7 Kb6 42. Kb2 Kc5 {(=)} 43. Rb7 Kd6 44. Kc1 Ke6 45.
Rc7 Kd6 46. Ra7 Ke6 47. Rc7 Kd6 48. Ra7 1/2-1/2

[Event "SG Kirchlengern 1 - SG Bünde 1"]
[Site "NRW-Klasse - Gruppe 1 2019/20"]
[Date "2020.02.02"]
[Round "6.6"]
[White "Knollmann, Benjamin"]
[Black "Hagemeier, Ulrich"]
[Result "1/2-1/2"]
[WhiteElo "1826"]
[BlackElo "2003"]
[Annotator "Doe,John"]
[PlyCount "37"]
[EventDate "2020.??.??"]
[SourceVersionDate "2020.03.16"]
[WhiteTeam "SG Kirchlengern 1"]
[BlackTeam "SG Bünde 1"]

{0-0} 1. d4 Nf6 2. Nf3 d5 3. c4 g6 4. Nc3 Bg7 5. Bf4 c6 6. e3 O-O 7. Rc1 Qb6 8.
Qb3 dxc4 9. Bxc4 Bf5 10. O-O Nbd7 11. Qa3 Qd8 12. Ne5 Nb6 13. Bd3 Nfd5 14. Nxd5
Nxd5 15. Bxf5 Nxf4 16. Bg4 Nd5 17. Qb3 Qb6 18. Qxb6 Nxb6 19. Nd3 {(=)} 1/2-1/2

[Event "SG Kirchlengern 1 - SG Bünde 1"]
[Site "NRW-Klasse - Gruppe 1 2019/20"]
[Date "2020.02.02"]
[Round "6.7"]
[White "Gudath, Reiner"]
[Black "Meyer zur Knolle, Marius"]
[Result "1-0"]
[WhiteElo "1836"]
[BlackElo "1782"]
[Annotator "Doe,John"]
[PlyCount "95"]
[EventDate "2020.??.??"]
[SourceVersionDate "2020.03.16"]
[WhiteTeam "SG Bünde 1"]
[BlackTeam "SG Kirchlengern 1"]

1. c4 e5 2. g3 Nf6 3. Bg2 Bc5 4. Nc3 O-O 5. e3 Re8 6. Nge2 Nc6 7. O-O a6 8. d4
exd4 9. exd4 Ba7 10. h3 h6 11. Be3 Ne7 12. g4 d5 13. c5 c6 14. b4 Ng6 15. Nf4
Bb8 16. Nxg6 fxg6 17. Ne2 g5 18. Qd2 Ne4 19. Bxe4 Rxe4 20. Nc3 Qc7 21. f4 gxf4
22. Nxe4 fxe3 23. Nf6+ gxf6 24. Qg2 Qg3 25. Rf3 Qxg2+ 26. Kxg2 Bd7 27. Rxe3 Bf4
28. Re7 Be8 29. Rae1 Bg6 30. Rxb7 Be4+ 31. Kf2 Rb8 32. Rxb8+ Bxb8 33. Ke3 Kf7
34. Rc1 Kg6 35. Rc3 Kg5 36. Ra3 Bf4+ 37. Kf2 Kh4 38. Rxa6 Kxh3 39. Rxc6 Kxg4
40. Rxf6 h5 41. Rxf4+ Kxf4 42. c6 Bd3 43. a4 h4 44. Kg2 Ke4 45. b5 Kxd4 46. b6
Kc5 47. b7 Kxc6 48. b8=Q 1-0

[Event "SG Kirchlengern 1 - SG Bünde 1"]
[Site "NRW-Klasse - Gruppe 1 2019/20"]
[Date "2020.02.02"]
[Round "6.8"]
[White "Dilger, Jan"]
[Black "Groß, Thomas"]
[Result "1/2-1/2"]
[WhiteElo "1737"]
[BlackElo "1732"]
[Annotator "Doe,John"]
[PlyCount "81"]
[EventDate "2020.??.??"]
[SourceVersionDate "2020.03.16"]
[WhiteTeam "SG Kirchlengern 1"]
[BlackTeam "SG Bünde 1"]

1. e4 e5 2. Nf3 Nc6 3. Bb5 f5 4. d4 fxe4 5. Nxe5 Nxe5 6. dxe5 c6 7. Be2 Qa5+ 8.
Bd2 Qxe5 9. Bc3 Qg5 10. Bh5+ Kd8 11. O-O Nf6 12. Bxf6+ gxf6 13. Nc3 Rg8 14. g3
f5 15. Qe2 Bb4 16. Rad1 Ba5 17. Kh1 Bc7 18. Bf7 Rg7 19. Qc4 Qf6 20. Bh5 Ke7 21.
Nd5+ cxd5 22. Qxc7 Qd6 23. Qc3 Rg5 24. Be2 b6 25. Qe3 Kf6 26. c4 Bb7 27. f3 Re8
28. fxe4 Qe5 29. Qa3 d4 30. Qxa7 Bxe4+ 31. Bf3 Bxf3+ 32. Rxf3 Qd6 33. Rfd3 Re4
34. Qa8 Qe7 35. Qh8+ Kg6 36. Rxd4 Re1+ 37. Rxe1 Qxe1+ 38. Kg2 Qe2+ 39. Kg1 Qe3+
40. Kg2 Qe2+ 41. Kg1 1/2-1/2

[Event "zweihochsechs-Nienberge "]
[Site "?"]
[Date "2020.02.02"]
[Round "6.1"]
[White "Mikeladze, Berdia"]
[Black "Ruecker, Bastian"]
[Result "1-0"]
[WhiteElo "2450"]
[BlackElo "2064"]
[PlyCount "59"]
[EventDate "2020.02.01"]
[SourceVersionDate "2020.03.16"]

1. d4 Nf6 2. Nf3 d5 3. Bf4 c5 4. e3 Nc6 5. c4 e6 6. Nc3 cxd4 7. exd4 Bd6 8.
Bxd6 Qxd6 9. c5 Qe7 10. Bb5 O-O 11. O-O Bd7 12. Re1 Nb8 13. Bd3 Nc6 14. a3 a5
15. Na4 Bc8 16. Nb6 Ra7 17. Qd2 Qd8 18. b4 axb4 19. axb4 Rxa1 20. Rxa1 Nd7 21.
Nxd7 Bxd7 22. b5 Ne7 23. Qf4 f6 24. h4 Be8 25. Ra7 Rf7 26. Rxb7 e5 27. Nxe5
fxe5 28. Qxe5 Nc8 29. Rb8 Rf8 30. Bf5 1-0

[Event "zweihochsechs-Nienberge "]
[Site "?"]
[Date "2020.02.02"]
[Round "6.2"]
[White "Stukenbrok, Nils"]
[Black "Gottkehaskamp, Philipp"]
[Result "1/2-1/2"]
[WhiteElo "2011"]
[BlackElo "2071"]
[PlyCount "116"]
[EventDate "2020.02.01"]
[SourceVersionDate "2020.03.16"]

1. d4 Nf6 2. c4 g6 3. g3 Bg7 4. Bg2 O-O 5. Nc3 d6 6. Nf3 Nc6 7. O-O a6 8. Qd3
e5 9. d5 Nb4 10. Qb1 a5 11. e4 Na6 12. Ne1 Nc5 13. Nd3 Nfd7 14. Be3 b6 15. f3
f5 16. Qc2 f4 17. Bf2 Nxd3 18. Qxd3 g5 19. g4 h5 20. h3 hxg4 21. hxg4 Rf7 22.
Rfb1 Nf8 23. Kf1 Ng6 24. Ke1 Bf8 25. Kd2 Bd7 26. b3 Qf6 27. a3 Rh7 28. Rh1 Rxh1
29. Rxh1 Be7 30. Nb5 Bd8 31. Bf1 Be8 32. Be2 Qg7 33. Qc3 Nf8 34. Bd3 Nd7 35. b4
axb4 36. axb4 Ra2+ 37. Bc2 Nf6 38. Na3 Ba4 39. Ra1 Rxa1 40. Qxa1 Bxc2 41. Nxc2
Qd7 42. c5 bxc5 43. bxc5 c6 44. cxd6 Qxd6 45. Qa6 Nd7 46. Ke2 Nb8 47. Qc8 cxd5
48. exd5 Na6 49. Qc4 Kf7 50. Qe4 Nc7 51. Nb4 Be7 52. Nc6 Bf6 53. Nb4 Be7 54.
Nd3 Bf6 55. Qh7+ Bg7 56. Qf5+ Bf6 57. Qh7+ Bg7 58. Qf5+ Bf6 1/2-1/2

[Event " zweihochsechs-Nienberge "]
[Site "?"]
[Date "2020.02.02"]
[Round "6.3"]
[White "Emiroglu, Murat"]
[Black "Guthier, Max"]
[Result "1/2-1/2"]
[WhiteElo "2156"]
[BlackElo "2009"]
[PlyCount "106"]
[EventDate "2020.02.01"]
[SourceVersionDate "2020.03.16"]

1. e4 c5 2. Nc3 Nc6 3. g3 g6 4. Bg2 Bg7 5. d3 Rb8 6. Be3 d6 7. Qd2 b5 8. Nge2
Nd4 9. h3 Nxe2 10. Qxe2 b4 11. Nd1 e5 12. Qd2 Be6 13. O-O Qd7 14. Kh2 f5 15. a3
Ne7 16. axb4 O-O 17. exf5 gxf5 18. f4 Rxb4 19. fxe5 Bxe5 20. c3 Ra4 21. Rxa4
Qxa4 22. d4 cxd4 23. cxd4 Bg7 24. Nc3 Qc4 25. Rc1 Qa6 26. Re1 Ng6 27. Nd5 Qc4
28. Rc1 Qa2 29. Nc7 Bf7 30. Rc3 a5 31. Ra3 Qc4 32. Qxa5 f4 33. gxf4 Nh4 34. Bf2
Nxg2 35. Kxg2 Qe2 36. Rg3 Bg6 37. Qd5+ Kh8 38. Re3 Qxb2 39. Ne6 Bf7 40. Qxd6
Qb7+ 41. d5 Rg8 42. Rg3 Qb1 43. Kh2 Qe4 44. Rxg7 Rxg7 45. Qf8+ Rg8 46. Bd4+
Qxd4 47. Qxg8+ Kxg8 48. Nxd4 Bxd5 49. Kg3 Kf7 50. f5 Kf6 51. Kf4 Bg2 52. h4 Bh3
53. Ke4 h5 1/2-1/2

[Event "zweihochsechs-Nienberge "]
[Site "?"]
[Date "2020.02.02"]
[Round "6.4"]
[White "Spisla, Dominik"]
[Black "Gottkehaskamp, Stefan"]
[Result "1/2-1/2"]
[WhiteElo "1976"]
[BlackElo "2043"]
[PlyCount "60"]
[EventDate "2020.02.01"]
[SourceVersionDate "2020.03.16"]

1. d4 e6 2. c4 f5 3. Nf3 Nf6 4. g3 Be7 5. Bg2 O-O 6. O-O d6 7. Nc3 Ne4 8. Qc2
Nxc3 9. Qxc3 a5 10. b3 Nc6 11. Bb2 Bf6 12. Rad1 Qe8 13. Qd2 e5 14. dxe5 dxe5
15. h4 h6 16. Ba3 Rf7 17. e3 Be6 18. Rfe1 Rd8 19. Qc1 e4 20. Rxd8 Qxd8 21. Rd1
Rd7 22. Rxd7 Qxd7 23. Ne1 Nb4 24. Bxb4 axb4 25. Nc2 Bc3 26. Bf1 g5 27. hxg5
hxg5 28. Be2 f4 29. exf4 Bd2 30. Qb2 Bc3 1/2-1/2

[Event "zweihochsechs-Nienberge "]
[Site "?"]
[Date "2020.02.02"]
[Round "6.5"]
[White "Kemper, Georg"]
[Black "Klein, Lukas"]
[Result "0-1"]
[WhiteElo "1985"]
[BlackElo "1941"]
[PlyCount "77"]
[EventDate "2020.02.01"]
[SourceVersionDate "2020.03.16"]

1. d4 d5 2. c4 e6 3. Nf3 Nf6 4. g3 Be7 5. Bg2 O-O 6. Nbd2 b6 7. Ne5 Bb7 8. O-O
Nbd7 9. Nxd7 Nxd7 10. e4 dxe4 11. Nxe4 Qc8 12. Be3 Nf6 13. Qc2 Nxe4 14. Bxe4
Bxe4 15. Qxe4 c6 16. Rad1 Bf6 17. b3 Qa6 18. a4 Rac8 19. Kg2 Rfe8 20. h4 b5 21.
axb5 cxb5 22. Ra1 Qb6 23. c5 Qc7 24. Ra6 Red8 25. Rfa1 Ra8 26. R1a5 Rd5 27.
Rxb5 Rad8 28. Rba5 Bxd4 29. Rxa7 Qe5 30. Qxe5 Bxe5 31. c6 Rxa5 32. Rxa5 Bd6 33.
Ra7 Rc8 34. Rd7 Bc7 35. b4 h5 36. b5 g6 37. Rxc7 Rxc7 38. b6 Rxc6 39. b7 0-1

[Event "zweihochsechs-Nienberge "]
[Site "?"]
[Date "2020.02.02"]
[Round "6.6"]
[White "Homfeldt, Christopher"]
[Black "Haas, Kai"]
[Result "1-0"]
[WhiteElo "1776"]
[BlackElo "1928"]
[PlyCount "109"]
[EventDate "2020.02.01"]
[SourceVersionDate "2020.03.16"]

1. d4 d6 2. e4 g6 3. Nc3 Bg7 4. f4 Nd7 5. Be3 e6 6. Qd2 c6 7. Nf3 a6 8. g4 h5
9. g5 Ne7 10. O-O-O d5 11. e5 Qc7 12. Kb1 b6 13. Na4 c5 14. dxc5 bxc5 15. Nxc5
Nf5 16. Nxd7 Bxd7 17. Bf2 O-O 18. Bd3 Ne7 19. Nd4 Rfb8 20. Rc1 Qb7 21. c4 dxc4
22. Bxc4 Rd8 23. Qe2 Bf8 24. Rhd1 Ba4 25. Bb3 Be8 26. Bc4 Ba4 27. Nb3 Bb5 28.
Rxd8 Rxd8 29. Bxb5 axb5 30. Nc5 Qg2 31. Ne4 Nd5 32. Nf6+ Nxf6 33. gxf6 Qxh2 34.
Qf3 Bh6 35. Be3 h4 36. Rh1 Qg3 37. Qxg3 hxg3 38. Rxh6 Rd3 39. Bc5 g2 40. Kc2
Rf3 41. Rh2 Rxf4 42. Kd3 Rc4 43. Bg1 Rg4 44. Ke3 g5 45. a3 Rg3+ 46. Kf2 Rb3 47.
Kxg2 Rxb2+ 48. Kh1 Rb3 49. Bc5 Rb1+ 50. Kg2 Rb2+ 51. Kg3 Rb3+ 52. Kg4 b4 53.
Bf8 bxa3 54. Bg7 Rb4+ 55. Kxg5 1-0

[Event "zweihochsechs-Nienberge "]
[Site "?"]
[Date "2020.02.02"]
[Round "6.7"]
[White "Keller, Dirk"]
[Black "Gefnider, Andreas"]
[Result "1/2-1/2"]
[WhiteElo "1926"]
[BlackElo "1774"]
[PlyCount "37"]
[EventDate "2020.02.01"]
[SourceVersionDate "2020.03.16"]

1. c4 e5 2. g3 Nf6 3. Bg2 d6 4. Nc3 g6 5. e4 Bg7 6. Nge2 c5 7. O-O O-O 8. f4
Nc6 9. d3 Nd4 10. h3 exf4 11. gxf4 Nh5 12. Rb1 f5 13. Be3 Nxe2+ 14. Nxe2 Qe7
15. Qd2 Be6 16. b3 Rae8 17. Rbe1 Bd7 18. Nc3 Qh4 19. Nd5 1/2-1/2

[Event "zweihochsechs-Nienberge "]
[Site "?"]
[Date "2020.02.02"]
[Round "6.8"]
[White "Husemann, Dirk"]
[Black "Wetteraus, Georg"]
[Result "1/2-1/2"]
[WhiteElo "1964"]
[BlackElo "1818"]
[PlyCount "134"]
[EventDate "2020.02.01"]
[SourceVersionDate "2020.03.16"]

1. d4 Nf6 2. Bg5 c5 3. d5 Ne4 4. Bf4 d6 5. f3 Nf6 6. e4 Qb6 7. Qc1 e5 8. Be3
Be7 9. Bd3 h5 10. h4 Nbd7 11. Nd2 Qc7 12. a4 b6 13. Nh3 Bb7 14. Ng5 a6 15. c4
a5 16. Qc3 Nb8 17. O-O-O Na6 18. Kb1 Qd7 19. b3 Nc7 20. Be2 Ng8 21. f4 f6 22.
Nh3 O-O-O 23. Rdg1 Kb8 24. g4 hxg4 25. Rxg4 Bf8 26. fxe5 dxe5 27. Nf2 Qd6 28.
Rg2 Bc8 29. Ng4 g6 30. Bf2 Ne6 31. Nxe5 Qxe5 32. Bg3 Nf4 33. Qe3 g5 34. Bh2 Bd6
35. Rf2 Qe7 36. hxg5 fxg5 37. Re1 Ka7 38. Nf3 Nxe2 39. Bxd6 Qxd6 40. Rexe2 Rh1+
41. Kb2 g4 42. e5 Qg6 43. Nd2 Ne7 44. Rf6 Qg8 45. Qf4 Ng6 46. Qe4 Rh6 47. Qe3
Rh5 48. Qc3 Rh3 49. Qc2 Ne7 50. Ref2 g3 51. Rg2 Rh2 52. Ne4 Rxg2 53. Qxg2 Nf5
54. e6 Qh8 55. Kc1 Qh2 56. Qxh2 gxh2 57. Nf2 Ng3 58. Rh6 Ne2+ 59. Kb2 Bxe6 60.
Rxe6 Rf8 61. Nh1 Rf1 62. Rxe2 Rxh1 63. Re7+ Kb8 64. Rh7 Kc8 65. Ka2 Kd8 66. Kb2
Kc8 67. Ka2 Kd8 1/2-1/2

[Event "SK Werther 1 - SK Münster 2"]
[Site "NRW-Klasse - Gruppe 1 2019/20"]
[Date "2020.02.23"]
[Round "7.1"]
[White "Ortmeier, Leonhard"]
[Black "Haskenhoff, Jan"]
[Result "0-1"]
[WhiteElo "2223"]
[BlackElo "2218"]
[PlyCount "76"]
[EventDate "2020.??.??"]
[SourceVersionDate "2020.03.16"]
[WhiteTeam "SK Münster 2"]
[BlackTeam "SK Werther 1"]

1. Nf3 Nf6 2. c4 g6 3. g3 Bg7 4. Bg2 O-O 5. Nc3 d5 6. d4 dxc4 7. Ne5 c5 8. d5
a6 9. a4 Ne4 10. Nxe4 Bxe5 11. O-O Qc7 12. Qc2 Nd7 13. Nd2 c3 14. bxc3 c4 15.
a5 Rb8 16. Ba3 Re8 17. Bb4 b5 18. axb6 Nxb6 19. Rfb1 e6 20. dxe6 Bxe6 21. Rxa6
Nd5 22. Bxd5 Bxd5 23. Ra5 Qd7 24. Rd1 Qb7 25. Nf1 Be4 26. Qa2 Bc7 27. Ra7 Qc6
28. Ne3 Bb6 29. Ra6 Qb7 30. Rxb6 Qxb6 31. Rd6 Qb5 32. Ng4 Ra8 33. Qb2 Kg7 34.
Nf6 Re7 35. f3 Bf5 36. Rd5 Qb6+ 37. Kg2 Qxf6 38. Bc5 Qe6 0-1

[Event "SK Werther 1 - SK Münster 2"]
[Site "NRW-Klasse - Gruppe 1 2019/20"]
[Date "2020.02.23"]
[Round "7.2"]
[White "Freiberger, Jonas"]
[Black "Borrink, Joern"]
[Result "0-1"]
[WhiteElo "2154"]
[BlackElo "2144"]
[PlyCount "82"]
[EventDate "2020.??.??"]
[SourceVersionDate "2020.03.16"]
[WhiteTeam "SK Werther 1"]
[BlackTeam "SK Münster 2"]

1. e4 e6 2. f4 d5 3. e5 c5 4. Nf3 Nc6 5. c3 Nge7 6. Na3 Qb6 7. Nc2 h5 8. d4 Nf5
9. Bd3 cxd4 10. cxd4 Be7 11. O-O g6 12. Rf2 Bd7 13. Bxf5 exf5 14. b3 a5 15. Ne3
Be6 16. Bb2 O-O 17. h3 a4 18. bxa4 Qb4 19. Rb1 Rxa4 20. Ba3 Qxa3 21. Rb3 Rfa8
22. Rxa3 Rxa3 23. Nf1 Nb4 24. Rb2 b5 25. Qe2 R8a5 26. N1d2 Nxa2 27. Nb1 Nc3 28.
Nxc3 Rxc3 29. Rxb5 Ra1+ 30. Kf2 Bc8 31. e6 Bxe6 32. Rb8+ Kg7 33. Qe5+ Bf6 34.
Qd6 Bc8 35. Qxd5 Ba6 36. Qd6 Bc8 37. Qd5 Ba6 38. Qd6 Bh4+ 39. g3 Rf1+ 40. Kg2
Rc2+ 41. Nd2 Rxd2# 0-1

[Event "SK Werther 1 - SK Münster 2"]
[Site "NRW-Klasse - Gruppe 1 2019/20"]
[Date "2020.02.23"]
[Round "7.3"]
[White "Kamp, Aaron"]
[Black "Suchland, Marko"]
[Result "0-1"]
[WhiteElo "1816"]
[BlackElo "2167"]
[PlyCount "64"]
[EventDate "2020.??.??"]
[SourceVersionDate "2020.03.16"]
[WhiteTeam "SK Münster 2"]
[BlackTeam "SK Werther 1"]

1. e4 c5 2. d4 cxd4 3. c3 Nf6 4. e5 Nd5 5. Nf3 Nc6 6. cxd4 d6 7. Bc4 Nb6 8. Bb3
dxe5 9. Nxe5 Nxe5 10. dxe5 Qxd1+ 11. Kxd1 Bd7 12. Nc3 Rc8 13. Be3 e6 14. Ke2
Bc5 15. Ne4 Bb5+ 16. Kf3 Bc6 17. Bxc5 Bxe4+ 18. Kxe4 Rxc5 19. Rac1 Rxc1 20.
Rxc1 Kd7 21. Rd1+ Ke7 22. f4 g6 23. Rc1 Kd7 24. h4 h5 25. a4 Rc8 26. Rd1+ Ke7
27. Rd4 Nd7 28. Bd1 b6 29. b4 Rc3 30. Be2 f5+ 31. exf6+ Nxf6+ 32. Ke5 Re3+ 0-1

[Event "SK Werther 1 - SK Münster 2"]
[Site "NRW-Klasse - Gruppe 1 2019/20"]
[Date "2020.02.23"]
[Round "7.4"]
[White "Goecke, Karl Ulrich"]
[Black "Kamp, Adrian"]
[Result "0-1"]
[WhiteElo "2140"]
[BlackElo "1975"]
[PlyCount "82"]
[EventDate "2020.??.??"]
[SourceVersionDate "2020.03.16"]
[WhiteTeam "SK Werther 1"]
[BlackTeam "SK Münster 2"]

1. d4 Nf6 2. Nf3 g6 3. g3 Bg7 4. Bg2 d5 5. O-O O-O 6. c4 c6 7. b3 Ne4 8. Bb2
Nd7 9. cxd5 cxd5 10. Nfd2 Ndf6 11. f3 Nxd2 12. Qxd2 b6 13. Nc3 Ba6 14. Rfe1 Rc8
15. Bh3 e6 16. e4 Re8 17. e5 Nd7 18. a4 Nb8 19. Nb5 Bxb5 20. axb5 Qd7 21. Bf1
Rc7 22. Bd3 Bf8 23. Ra4 Rec8 24. Rea1 Kg7 25. h4 h5 26. g4 hxg4 27. fxg4 Be7
28. g5 Rh8 29. Qf4 Bd8 30. Kf2 Be7 31. Ke3 Rh5 32. Rf1 Qe8 33. Be2 Rh7 34. Rfa1
Qh8 35. h5 Rxh5 36. Bxh5 Qxh5 37. Rg1 Rc2 38. Qg4 Qh2 39. Qd1 Qf2+ 40. Kd3 Qf5+
41. Ke3 Qe4# 0-1

[Event "SK Werther 1 - SK Münster 2"]
[Site "NRW-Klasse - Gruppe 1 2019/20"]
[Date "2020.02.23"]
[Round "7.5"]
[White "Kubo, Thomas"]
[Black "Ortpaul, Mario"]
[Result "1-0"]
[WhiteElo "1985"]
[BlackElo "1885"]
[Annotator "Daniel"]
[PlyCount "113"]
[EventDate "2020.??.??"]
[SourceVersionDate "2020.03.16"]
[WhiteTeam "SK Münster 2"]
[BlackTeam "SK Werther 1"]

1. Nf3 Nf6 2. c4 c5 3. g3 d5 4. cxd5 Nxd5 5. Bg2 Nc6 6. O-O Nc7 7. Nc3 g6 8. d3
Bg7 9. Be3 Ne6 10. Rc1 Bd7 11. Qd2 Rc8 12. Bh6 O-O 13. Bxg7 Kxg7 14. Ne4 b6 15.
a3 Ned4 16. b4 Bf5 17. Qb2 f6 18. bxc5 bxc5 19. Nxc5 Qb6 20. Qa2 Nxf3+ 21. Bxf3
Nd4 22. Ne4 Be6 23. Qb1 Nb3 24. Rxc8 Rxc8 25. Qb2 Qa5 26. Kg2 Kg8 27. Rd1 Qc7
28. Nd2 Rb8 29. Nxb3 Rxb3 30. Qa1 Qd6 31. a4 Qb4 32. Bc6 Qg4 33. Rd2 Qb4 34.
Rc2 Rb1 35. Qc3 Qg4 36. Rc1 Rxc1 37. Qxc1 Qxe2 38. Qe3 $11 Qxe3 39. fxe3 a5 40.
Kf3 f5 41. Kf4 Kg7 42. Ke5 Bb3 43. Kd4 Kf6 44. Kc5 e5 45. Kb6 g5 46. Kxa5 f4
47. gxf4 gxf4 48. exf4 exf4 49. Bf3 Ke5 50. Kb4 Bc2 51. Be4 f3 52. Bxf3 Bxd3
53. Kc5 h6 54. a5 Bf1 55. Bc6 Be2 56. Bb5 Bf3 57. a6 1-0

[Event "SK Werther 1 - SK Münster 2"]
[Site "NRW-Klasse - Gruppe 1 2019/20"]
[Date "2020.02.23"]
[Round "7.6"]
[White "Hufendiek, Ekkehard"]
[Black "Schroeder, Lennart"]
[Result "0-1"]
[WhiteElo "1902"]
[BlackElo "1897"]
[PlyCount "124"]
[EventDate "2020.??.??"]
[SourceVersionDate "2020.03.16"]
[WhiteTeam "SK Werther 1"]
[BlackTeam "SK Münster 2"]

1. e4 c5 2. g3 Nc6 3. Bg2 g6 4. Ne2 Bg7 5. O-O d6 6. Nbc3 e6 7. d3 Nge7 8. a3
O-O 9. Rb1 b6 10. b4 Bb7 11. b5 Nd4 12. Bb2 Qd7 13. Nf4 e5 14. Bh3 f5 15. Nfd5
Bxd5 16. exd5 Qb7 17. Bg2 f4 18. Ne4 Qd7 19. Bxd4 cxd4 20. Ng5 fxg3 21. hxg3
Rfc8 22. Bh3 Nf5 23. Ne6 Rc3 24. Kg2 Rac8 25. Rb2 Qf7 26. Rh1 Kh8 27. Bg4 h6
28. Bf3 Kg8 29. Be4 Rxa3 30. Qd2 h5 31. Qe2 Nh6 32. Bf3 Qf5 33. Rh4 Ra1 34. Be4
Qf7 35. Ng5 Qf6 36. Ne6 Nf5 37. Rh3 Rc1 38. Rh1 Rxh1 39. Kxh1 Bh6 40. Ra2 Qf7
41. Qf3 Bd2 42. Kg2 Ba5 43. Qd1 Ng7 44. Qc1 Nf5 45. Qg5 Ne7 46. Bf3 Kh7 47. Be4
Kg8 48. g4 hxg4 49. Qxg4 Qf6 50. Bf3 Nf5 51. Be4 Kf7 52. Ng5+ Kg7 53. c4 dxc3
54. Ra1 c2 55. Rh1 c1=Q 56. Ne6+ Kg8 57. Rh3 Rc2 58. Rf3 Nh4+ 59. Qxh4 Qxh4 60.
Rf8+ Kh7 61. Bxg6+ Kxg6 62. Rg8+ Kh7 0-1

[Event "SK Werther 1 - SK Münster 2"]
[Site "NRW-Klasse - Gruppe 1 2019/20"]
[Date "2020.02.23"]
[Round "7.7"]
[White "Hartmann, Steffen"]
[Black "Neumann, Marius"]
[Result "0-1"]
[WhiteElo "1933"]
[BlackElo "1859"]
[PlyCount "62"]
[EventDate "2020.??.??"]
[SourceVersionDate "2020.03.16"]
[WhiteTeam "SK Münster 2"]
[BlackTeam "SK Werther 1"]

1. e4 e6 2. d4 d5 3. Nd2 Nf6 4. e5 Nfd7 5. c3 c5 6. Bd3 Nc6 7. Ne2 Qb6 8. Nf3
cxd4 9. cxd4 f6 10. exf6 Nxf6 11. O-O Bd6 12. a3 O-O 13. b4 e5 14. dxe5 Nxe5
15. Nxe5 Bxe5 16. Ra2 Ng4 17. Ng3 Be6 18. Re2 Bd4 19. Be3 Nxe3 20. fxe3 Bxe3+
21. Kh1 Bg4 22. Bxh7+ Kh8 23. Bc2 Bxe2 24. Qxe2 Rxf1+ 25. Nxf1 d4 26. Ng3 Rf8
27. Nf5 g6 28. Ne7 Rf2 29. Qc4 Qe6 30. Nxg6+ Kg7 31. Bd3 Qxc4 0-1

[Event "SK Werther 1 - SK Münster 2"]
[Site "NRW-Klasse - Gruppe 1 2019/20"]
[Date "2020.02.23"]
[Round "7.8"]
[White "Henkemeier, Markus"]
[Black "Toval, David"]
[Result "0-1"]
[WhiteElo "2008"]
[BlackElo "1853"]
[PlyCount "62"]
[EventDate "2020.??.??"]
[SourceVersionDate "2020.03.16"]
[WhiteTeam "SK Werther 1"]
[BlackTeam "SK Münster 2"]

1. d4 Nf6 2. Bf4 g6 3. c3 Bg7 4. e3 O-O 5. Be2 d5 6. h4 b6 7. h5 Re8 8. hxg6
hxg6 9. Nd2 Ba6 10. Ngf3 Bxe2 11. Qxe2 Nbd7 12. O-O-O c5 13. Kb1 c4 14. e4 dxe4
15. Nxe4 Nxe4 16. Qxe4 Nf6 17. Qe2 b5 18. Be5 a5 19. Nh4 Qb6 20. Rh3 Rec8 21.
Rdh1 b4 22. d5 bxc3 23. Bxc3 Rab8 24. Rd1 Ne4 25. Bxg7 Kxg7 26. Rc1 Qd4 27. Rc2
c3 28. b3 a4 29. Kc1 axb3 30. axb3 Rxb3 31. Qe3 Qd2+ 0-1

[Event "SG Bünde 1 - SG Bochum 2"]
[Site "NRW-Klasse - Gruppe 1 2019/20"]
[Date "2020.02.23"]
[Round "7.1"]
[White "Wuebker, Paul-Luca"]
[Black "Pieper-Emden, Carsten"]
[Result "1-0"]
[WhiteElo "2059"]
[BlackElo "2159"]
[Annotator "Daniel"]
[PlyCount "81"]
[EventDate "2020.??.??"]
[SourceVersionDate "2020.03.16"]
[WhiteTeam "SG Bochum 2"]
[BlackTeam "SG Bünde 1"]

1. d4 d5 2. c4 dxc4 3. e3 Nf6 4. Bxc4 e6 5. Nf3 c5 6. O-O a6 7. b3 Nc6 8. Bb2
Be7 9. dxc5 Qxd1 $11 10. Rxd1 Bxc5 11. Nc3 Bd7 12. Rac1 Ba7 13. Ng5 O-O 14.
Nce4 Nxe4 15. Nxe4 Rfd8 16. Nd6 Rab8 17. Be2 Bb6 18. Bf3 Be8 19. Nxe8 Rxd1+ 20.
Rxd1 Rxe8 21. Rd7 Rb8 22. Kf1 a5 23. Ba3 Nb4 24. Bxb7 Rd8 25. Rxd8+ Bxd8 26.
Ke2 Nxa2 27. Kd3 Nb4+ 28. Kc4 Kf8 29. Bb2 f6 30. Bd4 Ke7 31. Kb5 Nd3 32. f3 h6
33. Be4 Ne1 34. f4 f5 35. Bc3 fxe4 36. Bxe1 e5 37. fxe5 Ke6 38. Bxa5 Bg5 39.
Bb6 Kxe5 40. Kc6 Kf5 41. Kd5 1-0

[Event "SG Bünde 1 - SG Bochum 2"]
[Site "NRW-Klasse - Gruppe 1 2019/20"]
[Date "2020.02.23"]
[Round "7.2"]
[White "Brunke, Pascal"]
[Black "Biermann, Lenhard"]
[Result "0-1"]
[WhiteElo "2016"]
[BlackElo "2047"]
[PlyCount "78"]
[EventDate "2020.??.??"]
[SourceVersionDate "2020.03.16"]
[WhiteTeam "SG Bünde 1"]
[BlackTeam "SG Bochum 2"]

1. e4 e6 2. d4 d5 3. Nd2 h6 4. Bd3 c5 5. dxc5 Bxc5 6. Ngf3 Nf6 7. O-O Nc6 8. c3
O-O 9. h3 Qc7 10. Qe2 b6 11. e5 Nd7 12. Re1 f6 13. b4 Be7 14. exf6 Nxf6 15. Nb3
Bd6 16. Nbd4 Nxd4 17. Nxd4 Qf7 18. Qc2 e5 19. Nb5 Bb8 20. c4 a6 21. Na3 e4 22.
Bf1 d4 23. Bb2 d3 24. Qd2 Ra7 25. Rad1 Re7 26. Qe3 Ree8 27. Bd4 Nd5 28. cxd5
Bf4 29. Qxe4 Rxe4 30. Rxe4 Qh5 31. Rxd3 Bf5 32. Re7 Rf7 33. Re8+ Kh7 34. g4
Bxg4 35. Rc3 Bd7 36. Bd3+ Bf5 37. Be2 Qg6+ 38. Kf1 Rc7 39. Rxc7 Bxh3+ 0-1